[Event "March TNT"]
[Site "Winnipeg CAN"]
[Date "2006.03.07"]
[Round "1"]
[White "Tang, Edward"]
[Black "Wood, Nathan"]
[Result "1-0"]
[WhiteElo "1991"]
[BlackElo "1549"]
[PlyCount "46"]
[EventDate "2006.03.07"]
[EventType "swiss"]
[EventRounds "4"]
[EventCountry "CAN"]

1. d4 d5 2. c4 e6 3. Nc3 Be7 4. Nf3 Nf6 5. Bg5 Nbd7 6. e3 O-O 7. Bd3 dxc4 8.
Bxc4 c6 9. O-O b5 10. Bd3 Bb7 11. e4 a6 12. e5 Ne8 13. Ne4 f5 14. exf6 Ndxf6
15. Nc5 Bxc5 16. dxc5 Qd5 17. Qc2 Kh8 18. Rfd1 Qd7 19. Bxh7 Qc7 20. Bg6 Ng4 21.
Qe4 Nef6 22. Bxf6 Nxf6 23. Qh4+ Kg8 1-0

[Event "March TNT"]
[Site "Winnipeg CAN"]
[Date "2006.03.07"]
[Round "1"]
[White "Wasserman, Arie"]
[Black "Wierda, John"]
[Result "1/2-1/2"]
[WhiteElo "1537"]
[BlackElo "1767"]
[PlyCount "74"]
[EventDate "2006.03.07"]
[EventType "swiss"]
[EventRounds "4"]
[EventCountry "CAN"]

1. e4 e6 2. Nf3 Nf6 3. Nc3 d5 4. exd5 Nxd5 5. Nxd5 Qxd5 6. d4 c5 7. Be3 cxd4 8.
Qxd4 Qxd4 9. Bxd4 Nc6 10. Bb5 Bd7 11. O-O-O a6 12. Bxc6 Bxc6 13. Rhg1 f6 14.
Rge1 e5 15. Bb6 Bxf3 16. gxf3 Rc8 17. f4 Bc5 18. Bxc5 Rxc5 19. fxe5 Rxe5 20.
Rxe5+ fxe5 21. Re1 O-O 22. Re2 Rf5 23. Kd2 e4 24. Rxe4 Rxf2+ 25. Re2 Rf1 26.
Ke3 Kf7 27. Rf2+ Rxf2 28. Kxf2 Ke6 29. c4 b5 30. cxb5 axb5 31. b3 Kd5 32. a4
Kc5 33. axb5 Kxb5 34. Ke3 Kb4 35. Ke4 Kxb3 36. Kf5 Kc3 37. Ke6 Kd4 1/2-1/2

[Event "March TNT"]
[Site "Winnipeg CAN"]
[Date "2006.03.07"]
[Round "1"]
[White "Wiebe, Daniel"]
[Black "Falade, Davidson"]
[Result "1-0"]
[WhiteElo "1150"]
[BlackElo "1588"]
[PlyCount "55"]
[EventDate "2006.03.07"]
[EventType "swiss"]
[EventRounds "4"]
[EventCountry "CAN"]

1. e4 e5 2. Nf3 Bc5 3. d4 exd4 4. Nxd4 Qh4 5. Nc3 Nf6 6. g3 Qh5 7. Qxh5 Nxh5 8.
Nf5 O-O 9. Nd5 g6 10. Nxc7 gxf5 11. Nxa8 Bd6 12. Be2 Nf6 13. Bf4 Bxf4 14. gxf4
Ne8 15. e5 b6 16. O-O-O Bb7 17. Rhg1+ Kh8 18. Nxb6 axb6 19. Bb5 Bc6 20. Bxc6
dxc6 21. Rd8 Na6 22. Rg5 Nac7 23. Rxf5 Kg7 24. a4 Kg6 25. Rg5+ Kh6 26. Rd3 Ng7
27. Rh3+ Nh5 28. Rhxh5# 1-0

[Event "March TNT"]
[Site "Winnipeg CAN"]
[Date "2006.03.14"]
[Round "2"]
[White "Anderson, George"]
[Black "Kwiatek, Jordan"]
[Result "0-1"]
[WhiteElo "1484"]
[BlackElo "1746"]
[PlyCount "21"]
[EventDate "2006.03.07"]
[EventType "swiss"]
[EventRounds "4"]
[EventCountry "CAN"]

1. e4 d5 2. exd5 Nf6 3. c4 e6 4. Qe2 Bc5 5. Nf3 O-O 6. d4 exd5 7. dxc5 Re8 8.
Ne5 Ne4 9. Nxf7 Qd7 10. Qh5 Ng3+ 11. Qe5 0-1

[Event "March TNT"]
[Site "Winnipeg CAN"]
[Date "2006.03.14"]
[Round "2"]
[White "Falade, Davidson"]
[Black "Greenberg, Harley"]
[Result "0-1"]
[WhiteElo "1588"]
[BlackElo "1742"]
[PlyCount "38"]
[EventDate "2006.03.07"]
[EventType "swiss"]
[EventRounds "4"]
[EventCountry "CAN"]

1. e4 c5 2. Bc4 Nc6 3. Nf3 e6 4. Nc3 a6 5. a4 d6 6. d4 Na5 7. b3 Nxc4 8. bxc4
cxd4 9. Nxd4 Nf6 10. O-O Be7 11. Re1 Qc7 12. Qd3 b6 13. f4 Bb7 14. Ba3 Rd8 15.
e5 dxe5 16. fxe5 Bxa3 17. Rxa3 Ng4 18. h3 Nxe5 19. Qg3 Nf3+ 0-1

[Event "March TNT"]
[Site "Winnipeg CAN"]
[Date "2006.03.14"]
[Round "2"]
[White "Gibson, Fred"]
[Black "Milord, Frank"]
[Result "0-1"]
[WhiteElo "1110"]
[BlackElo "1604"]
[PlyCount "50"]
[EventDate "2006.03.07"]
[EventType "swiss"]
[EventRounds "4"]
[EventCountry "CAN"]

1. e4 d6 2. Nf3 Nf6 3. Nc3 g6 4. Bc4 Nxe4 5. Bxf7+ Kxf7 6. Nxe4 Bg7 7. d3 Rf8
8. O-O Kg8 9. Bd2 e5 10. Ng3 Bg4 11. h3 Bxf3 12. gxf3 Nc6 13. Bc3 Qf6 14. Kh2
Nd4 15. Bxd4 exd4 16. Kg2 Qf4 17. Rc1 Be5 18. c3 dxc3 19. bxc3 d5 20. d4 Bd6
21. c4 dxc4 22. Rxc4 b5 23. Rc3 Kh8 24. Re1 Rae8 25. d5 Rxe1 0-1

[Event "March TNT"]
[Site "Winnipeg CAN"]
[Date "2006.03.14"]
[Round "2"]
[White "Green, Jim"]
[Black "Booth, Kevin"]
[Result "1/2-1/2"]
[WhiteElo "1720"]
[BlackElo "1522"]
[PlyCount "60"]
[EventDate "2006.03.07"]
[EventType "swiss"]
[EventRounds "4"]
[EventCountry "CAN"]

1. e4 e5 2. Nf3 Nc6 3. Bb5 d6 4. d4 exd4 5. Nxd4 Bd7 6. Nxc6 Bxc6 7. Bxc6+ bxc6
8. O-O Nf6 9. Re1 Be7 10. Nc3 O-O 11. e5 dxe5 12. Qxd8 Rfxd8 13. Rxe5 Nd5 14.
Nxd5 Rxd5 15. Re1 Rad8 16. Be3 Bc5 17. c4 Re5 18. Bf4 Rxe1+ 19. Rxe1 h6 20. a3
a5 21. Kf1 Rd4 22. Bxc7 a4 23. Ba5 Rxc4 24. Re2 Bd4 25. Be1 Rc1 26. Rd2 Bf6 27.
g3 Rb1 28. Rc2 Bxb2 29. Rxc6 Bxa3 30. Rc4 Bf8 1/2-1/2

[Event "March TNT"]
[Site "Winnipeg CAN"]
[Date "2006.03.14"]
[Round "2"]
[White "Melamedoff, Gustavo"]
[Black "Kohalmi, Andy"]
[Result "1-0"]
[WhiteElo "2002"]
[BlackElo "1704"]
[PlyCount "55"]
[EventDate "2006.03.07"]
[EventType "swiss"]
[EventRounds "4"]
[EventCountry "CAN"]

1. c4 Nf6 2. Nf3 c6 3. g3 g6 4. Bg2 Bg7 5. O-O O-O 6. d4 d5 7. Nbd2 a5 8. cxd5
cxd5 9. Ne5 Nc6 10. Ndf3 e6 11. Bg5 Qb6 12. b3 Ne4 13. Nxc6 bxc6 14. Be3 Ba6
15. Rc1 Rac8 16. Ne5 Bxe5 17. dxe5 Qb5 18. f3 Nxg3 19. hxg3 Qxe2 20. Qxe2 Bxe2
21. Rfe1 Ba6 22. Bf1 Bb7 23. Bb6 a4 24. bxa4 Ra8 25. a5 f6 26. f4 Rf7 27. exf6
Rxf6 28. Bh3 1-0

[Event "March TNT"]
[Site "Winnipeg CAN"]
[Date "2006.03.14"]
[Round "2"]
[White "Nguyen, Huy"]
[Black "Tang, Edward"]
[Result "0-1"]
[WhiteElo "1647"]
[BlackElo "1991"]
[PlyCount "48"]
[EventDate "2006.03.07"]
[EventType "swiss"]
[EventRounds "4"]
[EventCountry "CAN"]

1. Nf3 d5 2. g3 Nf6 3. Bg2 e6 4. d4 Be7 5. O-O O-O 6. a4 c5 7. c3 Nc6 8. dxc5
Bxc5 9. b4 Bd6 10. b5 Ne5 11. Nbd2 Re8 12. Re1 Nxf3+ 13. Bxf3 e5 14. e4 Be6 15.
exd5 Bxd5 16. Bxd5 Nxd5 17. Ne4 Be7 18. Qb3 Nc7 19. Rd1 Qc8 20. Nd6 Bxd6 21.
Rxd6 Ne6 22. Be3 Qc7 23. Rad1 Nd4 24. Qb4 Qxc3 0-1

[Event "March TNT"]
[Site "Winnipeg CAN"]
[Date "2006.03.14"]
[Round "2"]
[White "Oberton, Daniel"]
[Black "Rumpel, Chris"]
[Result "1/2-1/2"]
[WhiteElo "1744"]
[BlackElo "1583"]
[PlyCount "44"]
[EventDate "2006.03.07"]
[EventType "swiss"]
[EventRounds "4"]
[EventCountry "CAN"]

1. e4 e6 2. d4 d5 3. exd5 exd5 4. Bd3 Nf6 5. Nf3 Be7 6. Bg5 O-O 7. O-O Be6 8.
c3 Nbd7 9. Nbd2 Bd6 10. Qc2 h6 11. Bh4 c6 12. Rae1 Qc7 13. Bg3 Bxg3 14. fxg3
Rae8 15. Re2 c5 16. Rfe1 c4 17. Bf5 Bxf5 18. Qxf5 Rxe2 19. Rxe2 Qc8 20. Ne5
Nxe5 21. Qxc8 Rxc8 22. Rxe5 Re8 1/2-1/2

[Event "March TNT"]
[Site "Winnipeg CAN"]
[Date "2006.03.14"]
[Round "2"]
[White "Reimer, Bruce"]
[Black "Essery, Richard"]
[Result "0-1"]
[WhiteElo "1512"]
[BlackElo "1577"]
[PlyCount "102"]
[EventDate "2006.03.07"]
[EventType "swiss"]
[EventRounds "4"]
[EventCountry "CAN"]

1. e4 Nf6 2. e5 Nd5 3. d4 d6 4. c4 Nb6 5. f4 dxe5 6. fxe5 Bf5 7. Nf3 e6 8. Be2
c5 9. O-O cxd4 10. Nxd4 Bc5 11. Be3 Bg6 12. Na3 Nc6 13. Nac2 Nxe5 14. b3 O-O
15. Bf3 Nxf3+ 16. Qxf3 e5 17. Nf5 Bxe3+ 18. Ncxe3 Qc7 19. Kh1 Rad8 20. Rad1 f6
21. Qg3 Rxd1 22. Rxd1 Rd8 23. Rxd8+ Qxd8 24. h4 Qd7 25. Qg4 Bxf5 26. Nxf5 Kf8
27. Qf3 g6 28. Ne3 f5 29. c5 Nc8 30. Nd5 e4 31. Qd1 Ne7 32. Nc3 Qxd1+ 33. Nxd1
Nd5 34. Kg1 h6 35. Kf2 g5 36. hxg5 hxg5 37. g3 Ke7 38. a3 a5 39. Ne3 Ke6 40.
Nc4 f4 41. gxf4 gxf4 42. Nxa5 b6 43. cxb6 Nxb6 44. b4 Kd5 45. Nb3 Kc4 46. Nd2+
Kd3 47. Nxe4 Kxe4 48. b5 f3 49. Kf1 Ke3 50. Ke1 f2+ 51. Kf1 Na4 0-1

[Event "March TNT"]
[Site "Winnipeg CAN"]
[Date "2006.03.14"]
[Round "2"]
[White "Wierda, John"]
[Black "Wiebe, Daniel"]
[Result "1-0"]
[WhiteElo "1767"]
[BlackElo "1150"]
[PlyCount "113"]
[EventDate "2006.03.07"]
[EventType "swiss"]
[EventRounds "4"]
[EventCountry "CAN"]

1. Nf3 b6 2. g3 Bb7 3. Bg2 g6 4. O-O Bg7 5. c4 e6 6. Nc3 Ne7 7. d3 d5 8. cxd5
Nxd5 9. Qb3 O-O 10. Bg5 Qd7 11. Rac1 Nxc3 12. bxc3 Qc6 13. Ne1 Qc5 14. Be3 Bd5
15. Bxc5 Bxb3 16. Bxf8 Bd5 17. Bxd5 exd5 18. Bxg7 Kxg7 19. c4 d4 20. c5 b5 21.
Rb1 a6 22. Nf3 Nc6 23. e3 Rd8 24. exd4 Nxd4 25. Nxd4 Rxd4 26. Rbd1 Kf6 27. Rfe1
b4 28. Re4 Rxe4 29. dxe4 Ke6 30. f4 f5 31. exf5+ Kxf5 32. Rd7 Ke4 33. Rxc7 Kd5
34. Rxh7 Kxc5 35. Rg7 Kb5 36. Rxg6 a5 37. Rg5+ Ka4 38. h4 b3 39. axb3+ Kxb3 40.
Rxa5 Kc4 41. Kf2 Kb4 42. Re5 Kc4 43. Ke3 Kc3 44. Rd5 Kc4 45. Ke4 Kb4 46. Kd4
Kb3 47. Rc5 Kb2 48. Kd3 Kb3 49. Rb5+ Ka4 50. Rb8 Ka5 51. Kc4 Ka6 52. Kc5 Ka7
53. Rb1 Ka6 54. Rb2 Ka7 55. Kc6 Ka8 56. Kc7 Ka7 57. Ra2# 1-0

[Event "March TNT"]
[Site "Winnipeg CAN"]
[Date "2006.03.14"]
[Round "2"]
[White "Wood, Nathan"]
[Black "Trueman, Francis"]
[Result "1-0"]
[WhiteElo "1549"]
[BlackElo "1464"]
[PlyCount "89"]
[EventDate "2006.03.07"]
[EventType "swiss"]
[EventRounds "4"]
[EventCountry "CAN"]

1. e4 d6 2. d4 Nf6 3. Nc3 g6 4. f4 Bg7 5. Nf3 O-O 6. Bd3 e5 7. fxe5 dxe5 8. d5
Nbd7 9. Bg5 c6 10. dxc6 bxc6 11. Bc4 Qb6 12. Bb3 h6 13. Bh4 Ng4 14. Qd2 Nc5 15.
Be7 Nxb3 16. axb3 Re8 17. Na4 Qe3+ 18. Qxe3 Nxe3 19. Bc5 Nxc2+ 20. Kf2 Nxa1 21.
Rxa1 Bg4 22. Nd2 Be6 23. Nc3 Bf8 24. Be3 Kg7 25. Ra6 Reb8 26. Rxc6 Bxb3 27. Nf3
Be6 28. Nxe5 Rxb2+ 29. Ne2 Rc8 30. Rxc8 Bxc8 31. Bd4 Ra2 32. Ng4+ f6 33. Nxf6
Kf7 34. Kf3 Be7 35. Nd5 Bg4+ 36. Kxg4 Rxe2 37. Kf3 Rd2 38. Bxa7 Rd3+ 39. Ke2
Ra3 40. Be3 g5 41. Nxe7 Kxe7 42. Bc5+ Ke6 43. Bxa3 Ke5 44. Kf3 Kf6 45. Bb2+ 1-0

[Event "March TNT"]
[Site "Winnipeg CAN"]
[Date "2006.03.21"]
[Round "3"]
[White "Booth, Kevin"]
[Black "Oberton, Daniel"]
[Result "1/2-1/2"]
[WhiteElo "1522"]
[BlackElo "1744"]
[PlyCount "79"]
[EventDate "2006.03.07"]
[EventType "swiss"]
[EventRounds "4"]
[EventCountry "CAN"]

1. e4 c5 2. Nf3 d6 3. d4 cxd4 4. Nxd4 Nf6 5. Nc3 g6 6. Be3 Bg7 7. f3 Nc6 8. Bb5
Bd7 9. Qd2 O-O 10. O-O Ne5 11. Bxd7 Qxd7 12. Bh6 Nc4 13. Qg5 Nxe4 14. Nxe4
Bxd4+ 15. Kh1 Be3 16. f4 Nxb2 17. Nf6+ exf6 18. Qxf6 Bd4 19. Qxd4 f6 20. Bxf8
Rxf8 21. Qxb2 f5 22. Rab1 b6 23. Rfd1 Qc6 24. Qb3+ Kg7 25. Qd5 Qxc2 26. Qxd6
Qxa2 27. Ra1 Qc4 28. Rxa7+ Kg8 29. Qd5+ Qxd5 30. Rxd5 Rc8 31. h3 h6 32. Rd6 g5
33. fxg5 hxg5 34. Rxb6 g4 35. hxg4 fxg4 36. Rg6+ Kh8 37. Rxg4 Rd8 38. Rgg7 Rd1+
39. Kh2 Rh1+ 40. Kg3 1/2-1/2

[Event "March TNT"]
[Site "Winnipeg CAN"]
[Date "2006.03.21"]
[Round "3"]
[White "Green, Jim"]
[Black "Wierda, John"]
[Result "0-1"]
[WhiteElo "1720"]
[BlackElo "1767"]
[PlyCount "45"]
[EventDate "2006.03.07"]
[EventType "swiss"]
[EventRounds "4"]
[EventCountry "CAN"]

1. e4 e6 2. d3 d5 3. Nd2 Nf6 4. Ngf3 b6 5. g3 Bb7 6. e5 Nfd7 7. Bg2 c5 8. O-O
g6 9. c3 Bg7 10. d4 O-O 11. Re1 Re8 12. Nf1 cxd4 13. cxd4 Nc6 14. Bg5 f6 15.
exf6 Bxf6 16. Bh6 e5 17. dxe5 Ndxe5 18. Nxe5 Rxe5 19. Ne3 d4 20. Qb3+ Kh8 21.
Ng4 Re7 22. Re6 Na5 23. Rxe7 0-1

[Event "March TNT"]
[Site "Winnipeg CAN"]
[Date "2006.03.21"]
[Round "3"]
[White "Greenberg, Harley"]
[Black "Rumpel, Chris"]
[Result "0-1"]
[WhiteElo "1742"]
[BlackElo "1583"]
[PlyCount "68"]
[EventDate "2006.03.07"]
[EventType "swiss"]
[EventRounds "4"]
[EventCountry "CAN"]

1. d4 d5 2. c4 c6 3. Nc3 Nf6 4. Nf3 a6 5. g3 dxc4 6. Bg2 b5 7. O-O Bb7 8. Ne5
e6 9. e4 Bd6 10. Bg5 h6 11. Bxf6 Qxf6 12. Ng4 Qe7 13. e5 Bc7 14. Ne4 Nd7 15. b3
cxb3 16. Qxb3 O-O 17. Qe3 h5 18. Ngf6+ Nxf6 19. Qg5 Nd5 20. Qxh5 f6 21. Bh3 Qf7
22. Qxf7+ Kxf7 23. exf6 Nxf6 24. Ng5+ Kg6 25. Nxe6 Rf7 26. Rac1 Bd6 27. f4 Ne4
28. f5+ Kf6 29. Rfe1 Ng5 30. Nxg5 Kxg5 31. Re6 Rf6 32. Rce1 Raf8 33. R6e4 R6f7
34. Re6 Rf6 0-1

[Event "March TNT"]
[Site "Winnipeg CAN"]
[Date "2006.03.21"]
[Round "3"]
[White "Kohalmi, Andy"]
[Black "Wood, Nathan"]
[Result "0-1"]
[WhiteElo "1704"]
[BlackElo "1549"]
[PlyCount "90"]
[EventDate "2006.03.07"]
[EventType "swiss"]
[EventRounds "4"]
[EventCountry "CAN"]

1. Nf3 Nf6 2. d4 g6 3. c4 Bg7 4. Nc3 d5 5. e3 O-O 6. Bd3 c5 7. Qb3 cxd4 8. Nxd5
Nxd5 9. cxd5 dxe3 10. Bxe3 e6 11. Bc4 exd5 12. Bxd5 Bxb2 13. Rd1 Qf6 14. O-O
Nd7 15. Ng5 Ne5 16. Ne4 Qg7 17. Rb1 Kh8 18. Qxb2 Bf5 19. f3 Rad8 20. Bb3 Rd3
21. Bd4 Rxd4 22. Kh1 Rfd8 23. h3 Bxe4 24. fxe4 Rxe4 25. Rbd1 Rxd1 26. Rxd1 Nc6
27. Qb1 Qe5 28. Bxf7 Qe7 29. Bd5 Re2 30. Qd3 Re1+ 31. Rxe1 Qxe1+ 32. Kh2 Qe5+
33. Kh1 Nb4 34. Qe4 Qxe4 35. Bxe4 b5 36. a3 Na6 37. Bc6 Nc7 38. a4 b4 39. Kg1
Kg7 40. Kf2 Kf6 41. Ke3 Ke5 42. Kd3 Kd6 43. Bb7 Kc5 44. Bf3 Ne6 45. Be2 Nf4+
0-1

[Event "March TNT"]
[Site "Winnipeg CAN"]
[Date "2006.03.21"]
[Round "3"]
[White "Kwiatek, Jordan"]
[Black "Essery, Richard"]
[Result "1-0"]
[WhiteElo "1746"]
[BlackElo "1577"]
[PlyCount "27"]
[EventDate "2006.03.07"]
[EventType "swiss"]
[EventRounds "4"]
[EventCountry "CAN"]

1. d4 d5 2. Bg5 c5 3. dxc5 Qa5+ 4. Nc3 e6 5. e4 dxe4 6. b4 Qc7 7. Nb5 Qd7 8.
Qxd7+ Kxd7 9. O-O-O+ Kc6 10. Nd4+ Kc7 11. Bf4+ Kd7 12. Nb5+ Kc6 13. Nc7 f6 14.
Bb5# 1-0

[Event "March TNT"]
[Site "Winnipeg CAN"]
[Date "2006.03.21"]
[Round "3"]
[White "Milord, Frank"]
[Black "Wasserman, Arie"]
[Result "0-1"]
[WhiteElo "1604"]
[BlackElo "1537"]
[PlyCount "50"]
[EventDate "2006.03.07"]
[EventType "swiss"]
[EventRounds "4"]
[EventCountry "CAN"]

1. e4 e5 2. Nf3 Nc6 3. Bb5 Nf6 4. O-O Bc5 5. Nxe5 Nxe5 6. d4 Bd6 7. dxe5 Bxe5
8. f4 Bd6 9. e5 Bc5+ 10. Kh1 Ne4 11. Qf3 f5 12. exf6 Nxf6 13. Re1+ Be7 14. Qe2
c6 15. Bc4 d5 16. Bb3 Kf7 17. Nc3 Re8 18. Ne4 Bg4 19. Qd3 Nxe4 20. Qxe4 Bd6 21.
Qxe8+ Qxe8 22. Rxe8 Rxe8 23. h3 Re1+ 24. Kh2 Bf5 25. c4 Bxf4+ 0-1

[Event "March TNT"]
[Site "Winnipeg CAN"]
[Date "2006.03.21"]
[Round "3"]
[White "Tang, Edward"]
[Black "Melamedoff, Gustavo"]
[Result "1-0"]
[WhiteElo "1991"]
[BlackElo "2002"]
[PlyCount "89"]
[EventDate "2006.03.07"]
[EventType "swiss"]
[EventRounds "4"]
[EventCountry "CAN"]

1. d4 d5 2. c4 e6 3. Nc3 f5 4. cxd5 exd5 5. Nf3 Nf6 6. Bg5 Be7 7. Bxf6 Bxf6 8.
e3 c6 9. Be2 O-O 10. O-O Qd6 11. Re1 g5 12. a3 g4 13. Nd2 Bg5 14. Bf1 Be6 15.
b4 Nd7 16. g3 Nf6 17. Bg2 Ne4 18. Ne2 Rae8 19. Nf4 Bxf4 20. exf4 Bf7 21. Nf1
Qf6 22. Ne3 Nd6 23. Qd3 Bg6 24. a4 b5 25. axb5 Nxb5 26. Nxd5 Qxd4 27. Qxd4 Nxd4
28. Ne7+ Kh8 29. Nxc6 Nc2 30. Rxe8 Bxe8 31. Rc1 Bxc6 32. Rxc2 Bb5 33. Bf1 Bxf1
34. Kxf1 Rb8 35. Rc5 Rxb4 36. Rxf5 Rb1+ 37. Kg2 Ra1 38. Rg5 a5 39. Rxg4 Rb1 40.
Rg5 a4 41. Ra5 Rb4 42. Ra7 Kg8 43. f5 h6 44. Kh3 Kf8 45. f4 1-0

[Event "March TNT"]
[Site "Winnipeg CAN"]
[Date "2006.03.21"]
[Round "3"]
[White "Trueman, Francis"]
[Black "Falade, Davidson"]
[Result "0-1"]
[WhiteElo "1464"]
[BlackElo "1588"]
[PlyCount "45"]
[EventDate "2006.03.07"]
[EventType "swiss"]
[EventRounds "4"]
[EventCountry "CAN"]

1. Nf3 e6 2. d3 Nc6 3. Nbd2 e5 4. e4 d5 5. c4 g6 6. g3 Bg7 7. Bg2 Nf6 8. O-O
Bg4 9. h3 Be6 10. Nh2 Qe7 11. g4 h5 12. Bf3 hxg4 13. Bxg4 Bxg4 14. hxg4 O-O-O
15. f4 Rdf8 16. f5 Rh6 17. Ndf3 Rfh8 18. Bd2 gxf5 19. gxf5 Qe8 20. b4 a6 21. a4
Qg8 22. Rf2 Ng4 23. Rg2 0-1

[Event "March TNT"]
[Site "Winnipeg CAN"]
[Date "2006.03.21"]
[Round "3"]
[White "Wasserman, Leor"]
[Black "Nguyen, Huy"]
[Result "0-1"]
[WhiteElo "1331"]
[BlackElo "1647"]
[PlyCount "74"]
[EventDate "2006.03.07"]
[EventType "swiss"]
[EventRounds "4"]
[EventCountry "CAN"]

1. e4 Nf6 2. Nc3 d5 3. exd5 Nxd5 4. Nxd5 Qxd5 5. Nf3 e5 6. d3 Nc6 7. Be2 Bc5 8.
O-O O-O 9. Be3 Bb6 10. Bxb6 axb6 11. Qd2 Rxa2 12. c4 Qa5 13. Qxa5 Rxa5 14. Rxa5
bxa5 15. Ra1 b6 16. Bd1 f6 17. Bb3 Kh8 18. h3 Bf5 19. Bc2 Nb4 20. Bb1 Bxd3 21.
Bxd3 Nxd3 22. Rb1 g6 23. b3 Rd8 24. Rd1 Rd7 25. Ne1 Nc5 26. Rb1 Na6 27. Nf3 e4
28. Ne1 Rd2 29. g3 f5 30. Ng2 Kg7 31. Nf4 Rd6 32. h4 Nb4 33. Kg2 h6 34. Re1 Nd3
35. Re2 Nxf4+ 36. gxf4 Rd3 37. Rb2 c5 0-1

[Event "March TNT"]
[Site "Winnipeg CAN"]
[Date "2006.03.21"]
[Round "3"]
[White "Wiebe, Daniel"]
[Black "Anderson, George"]
[Result "0-1"]
[WhiteElo "1150"]
[BlackElo "1484"]
[PlyCount "62"]
[EventDate "2006.03.07"]
[EventType "swiss"]
[EventRounds "4"]
[EventCountry "CAN"]

1. e4 e6 2. Nf3 d5 3. Nc3 d4 4. Nb5 Nc6 5. c3 d3 6. Nbd4 Nxd4 7. cxd4 c5 8.
Bxd3 Qb6 9. Qa4+ Bd7 10. Qc4 cxd4 11. Qxd4 Nf6 12. Qxb6 axb6 13. Ne5 Bc5 14.
Nxd7 Nxd7 15. Bb5 Ke7 16. Bxd7 Kxd7 17. d3 Bd4 18. a3 Rhc8 19. Rb1 Rc2 20. O-O
Rac8 21. g3 Re2 22. Be3 Bxe3 23. Rbe1 Bxf2+ 24. Rxf2 Rxe1+ 25. Kg2 f6 26. Kf3
Rec1 27. h4 R8c2 28. Rxc2 Rxc2 29. Kf4 Rxb2 30. e5 fxe5+ 31. Kxe5 Rb3 0-1

[Event "March TNT"]
[Site "Winnipeg CAN"]
[Date "2006.03.28"]
[Round "4"]
[White "Anderson, George"]
[Black "Green, Jim"]
[Result "1-0"]
[WhiteElo "1484"]
[BlackElo "1720"]
[PlyCount "95"]
[EventDate "2006.03.07"]
[EventType "swiss"]
[EventRounds "4"]
[EventCountry "CAN"]

1. e4 c6 2. b3 d5 3. Nc3 d4 4. Nce2 c5 5. Ng3 Nc6 6. Bc4 Nf6 7. Ba3 e6 8. Nh5
Nxh5 9. Qxh5 Qa5 10. Bb2 g6 11. Qe2 Bg7 12. c3 dxc3 13. dxc3 Bxc3+ 14. Kf1 Nd4
15. Bxc3 Qxc3 16. Qe1 Qxe1+ 17. Rxe1 e5 18. Ne2 Bd7 19. Nxd4 exd4 20. Ke2 Bc6
21. f3 a6 22. Rc1 O-O 23. Kd3 b6 24. b4 b5 25. Bd5 c4+ 26. Kxd4 Rfd8 27. Rhd1
Bxd5 28. exd5 Rac8 29. Kc3 Rd6 30. Rd4 Re8 31. Re4 Red8 32. Rd1 Rxd5 33. Rxd5
Rxd5 34. Re8+ Kg7 35. Ra8 Rd3+ 36. Kc2 Ra3 37. Kb2 Re3 38. Rxa6 Re2+ 39. Kc3
Rxg2 40. a4 Rxh2 41. axb5 Re2 42. Kxc4 h5 43. b6 Re8 44. Kc5 h4 45. b7 h3 46.
f4 h2 47. Ra1 Kf6 48. Rh1 1-0

[Event "March TNT"]
[Site "Winnipeg CAN"]
[Date "2006.03.28"]
[Round "4"]
[White "Essery, Richard"]
[Black "Wiebe, Daniel"]
[Result "1-0"]
[WhiteElo "1577"]
[BlackElo "1150"]
[PlyCount "39"]
[EventDate "2006.03.07"]
[EventType "swiss"]
[EventRounds "4"]
[EventCountry "CAN"]

1. e4 e5 2. Bc4 Nf6 3. d4 Nxe4 4. dxe5 d6 5. Qd5 Be6 6. Qxe4 d5 7. Bb5+ c6 8.
Qa4 cxb5 9. Qxb5+ Nd7 10. Nf3 Qc7 11. Qe2 Bc5 12. O-O O-O 13. c3 Rfe8 14. Bf4
Bg4 15. Nbd2 Nxe5 16. Bxe5 Rxe5 17. Qxe5 Bd6 18. Qxd5 Rd8 19. Qc4 Bxf3 20. Qxc7
1-0

[Event "March TNT"]
[Site "Winnipeg CAN"]
[Date "2006.03.28"]
[Round "4"]
[White "Falade, Davidson"]
[Black "Reimer, Bruce"]
[Result "0-1"]
[WhiteElo "1588"]
[BlackElo "1512"]
[PlyCount "70"]
[EventDate "2006.03.07"]
[EventType "swiss"]
[EventRounds "4"]
[EventCountry "CAN"]

1. e4 Nf6 2. e5 Nd5 3. Bc4 Nb6 4. Bb3 d6 5. Qf3 e6 6. d4 Nc6 7. Ne2 dxe5 8. O-O
Nxd4 9. Nxd4 exd4 10. Rd1 c5 11. c3 Be7 12. Be3 Bf6 13. cxd4 cxd4 14. a4 a5 15.
Na3 O-O 16. Nb5 e5 17. Rac1 Qe7 18. Rc7 Qb4 19. Bg5 e4 20. Bxf7+ Rxf7 21. Qxe4
Bxg5 22. Rxd4 Rxc7 23. Nxc7 Qe7 24. Qxe7 Bxe7 25. Nxa8 Nxa8 26. Rf4 Bf6 27. h4
Bxb2 28. g4 Nb6 29. Kg2 Bd7 30. Kf3 Bxa4 31. Ke2 Bc6 32. f3 Nd5 33. Rf5 a4 34.
Kd2 a3 35. Kc2 Ne3+ 0-1

[Event "March TNT"]
[Site "Winnipeg CAN"]
[Date "2006.03.28"]
[Round "4"]
[White "Green, Aaron"]
[Black "Milord, Frank"]
[Result "0-1"]
[WhiteElo "1356"]
[BlackElo "1604"]
[PlyCount "68"]
[EventDate "2006.03.07"]
[EventType "swiss"]
[EventRounds "4"]
[EventCountry "CAN"]

1. e4 c5 2. Nf3 Nc6 3. d4 cxd4 4. Nxd4 e5 5. Nf3 Qa5+ 6. Nc3 Nf6 7. Bd2 Bb4 8.
Bd3 O-O 9. a3 Bxc3 10. Bxc3 Qc7 11. Bb5 d6 12. Bd3 d5 13. exd5 e4 14. dxc6 exd3
15. O-O dxc2 16. Qxc2 Qxc6 17. Rac1 Qe4 18. Bxf6 Qxc2 19. Rxc2 gxf6 20. Kh1 Bf5
21. Rc3 Rac8 22. Rfc1 Rxc3 23. Rxc3 Rd8 24. Rc1 Be4 25. b4 Bc6 26. Nh4 Rd5 27.
Nf3 Rd3 28. Ra1 Bxf3 29. gxf3 Rxf3 30. Kg2 Rb3 31. f3 Kg7 32. Kg3 f5 33. Kf4
Kf6 34. h4 h6 0-1

[Event "March TNT"]
[Site "Winnipeg CAN"]
[Date "2006.03.28"]
[Round "4"]
[White "Kohalmi, Andy"]
[Black "Wasserman, Leor"]
[Result "1-0"]
[WhiteElo "1704"]
[BlackElo "1331"]
[PlyCount "51"]
[EventDate "2006.03.07"]
[EventType "swiss"]
[EventRounds "4"]
[EventCountry "CAN"]

1. Nf3 Nc6 2. d4 d5 3. e3 Nf6 4. Bd3 e6 5. O-O Be7 6. b3 O-O 7. Bb2 b6 8. Nbd2
Bb7 9. c4 Nb4 10. Bb1 c5 11. Ne5 Nd7 12. f4 f6 13. Qh5 h6 14. Qg6 Nxe5 15. fxe5
f5 16. Qxe6+ Kh8 17. Rxf5 Bc8 18. Rxf8+ Qxf8 19. Qg6 Kg8 20. e6 Bxe6 21. Qh7+
Kf7 22. Bg6+ Kf6 23. Rf1+ Kg5 24. Rxf8 Rxf8 25. Nf3+ Kg4 26. dxc5 1-0

[Event "March TNT"]
[Site "Winnipeg CAN"]
[Date "2006.03.28"]
[Round "4"]
[White "Melamedoff, Gustavo"]
[Black "Nguyen, Huy"]
[Result "1-0"]
[WhiteElo "2002"]
[BlackElo "1647"]
[PlyCount "71"]
[EventDate "2006.03.07"]
[EventType "swiss"]
[EventRounds "4"]
[EventCountry "CAN"]

1. e4 Nc6 2. Nf3 g6 3. d4 Bg7 4. Bc4 e5 5. dxe5 Nxe5 6. Nxe5 Bxe5 7. Bxf7+ Kxf7
8. Qd5+ Kg7 9. Qxe5+ Nf6 10. Bg5 Rf8 11. Nc3 h6 12. Bxf6+ Qxf6 13. Qxf6+ Rxf6
14. Nd5 Re6 15. f3 Rc6 16. O-O-O d6 17. Ne7 Ra6 18. Nxc8 Rxc8 19. a3 b5 20.
Rhe1 c5 21. e5 dxe5 22. Rxe5 b4 23. Rd7+ Kf6 24. Re3 Ra8 25. axb4 cxb4 26. Rb7
Ra1+ 27. Kd2 Rd8+ 28. Rd3 Re8 29. Rd6+ Ke5 30. Rxg6 Rd8+ 31. Ke2 Kf5 32. Rxh6
Kg5 33. Rc6 Ra5 34. Rg7+ Kf5 35. g4+ Ke5 36. Rg5+ 1-0